| 000 | 004770000a22001930004500 | ||
|---|---|---|---|
| 001 | 000755 | ||
| 003 | MACL | ||
| 005 | 20160122161923.0 | ||
| 008 | 160122b xxu||||| |||| 00| 0 eng d | ||
| 040 |
_aMACL _cMACL |
||
| 041 | _aEnglish | ||
| 082 | _a297/SUH | ||
| 100 |
_aSuhrawardy, Abdullah _934151 |
||
| 245 |
_aThe Saying Of Muhammad _cAbdullah Suhrawardy |
||
| 260 |
_aGoodword Books, _c1997 _bNew Delhi |
||
| 350 | _a75 | ||
| 650 |
_aReligion _934152 |
||
| 942 |
_k297 _cBK _2ddc |
||
| 999 |
_c753 _d753 |
||